Las grandes conquistas árabes
Saved in:
| Hovedforfatter: | |
|---|---|
| Format: | Bog |
| Sprog: | spansk |
| Udgivet: |
Barcelona
Crítica
2007
|
| Serier: | Tiempo de Historia
|
| Fag: | |
| Tags: |
Tilføj Tag
Ingen Tags, Vær først til at tagge denne postø!
|
MARC
| LEADER | 00000cam a2200000 a 4500 | ||
|---|---|---|---|
| 001 | UCI5427 | ||
| 003 | CL-VaPUC | ||
| 008 | 080328e20070000SP |||||||||||||||||spa|d | ||
| 020 | |a 9788484329312 | ||
| 082 | 0 | 4 | |a 909.0976701 |b KEN |2 21 |
| 100 | |a Kennedy, Hugh |e author |9 560206 | ||
| 245 | 1 | 4 | |a Las grandes conquistas árabes |
| 300 | |a 511 p | ||
| 942 | |c BK | ||
| 945 | |d 20080328 00:00:00 |a rbrito | ||
| 260 | |a Barcelona |b Crítica |c 2007 | ||
| 650 | 0 | |a Árabes |v Historia |9 323057 | |
| 650 | 7 | |a CONQUISTADORES |2 CL-VaPUC |9 527805 | |
| 650 | 0 | |a Musulmanes |9 332296 | |
| 583 | |a last modification |c 20130411 11:58:49 |k Rodrigo Vera | ||
| 490 | 0 | |a Tiempo de Historia | |
| 999 | |c 329175 |d 329173 | ||
| 952 | |0 0 |1 0 |4 0 |6 909_097670100000000_KEN_2007 |7 0 |8 A |9 413539 |a BIBHIS |b BIBHIS |d 2019-11-22 |i 4420861 |o 909.0976701 KEN 2007 |p 4420861 |r 2025-01-20 |w 2019-11-22 |y BK |k HIS | ||
| 952 | |0 0 |1 0 |4 0 |6 909_097670100000000_KEN_2007 |7 0 |8 A |9 413540 |a BIBHIS |b BIBHIS |d 2019-11-22 |i 4819691 |o 909.0976701 KEN 2007 |p 4819691 |r 2025-01-20 |w 2019-11-22 |y BK |k HIS | ||
| 952 | |0 0 |1 0 |4 0 |6 909_097670100000000_KEN_2007 |7 0 |8 A |9 413541 |a BIBGIM |b BIBGIM |d 2019-11-22 |i 4964632 |o 909.0976701 KEN 2007 |p 4964632 |r 2025-01-15 |w 2019-11-22 |y BK |k ARA | ||